00360nam a2200133 i 4500001000300000100001500003245009000018260001900108700001900127700002300146040000800169041000800177008004100185bg1 aPUN, Lucas 0aPratique de L'automatisation integree /cLucas Pun, Javier Aracil, Jean Luis Abratut. aBordas,c1975.1 aARACIL, Javier1 aABRATUT, Jean Luis cBPK apol s pl f |000 0 pol